000 00274nam a2200109Ia 4500
005 20251222154426.0
008 251222s9999||||xx |||||||||||||| ||spa||
082 _a759/B11
245 0 _aPinturas que cambiaron el Mundo
264 _bRandom House Mondadori, S.A.
942 _cLIB
999 _c36235
_d36235